[Event "VIE-ch U17"]
[Site "Da Lat"]
[Date "2013.07.??"]
[Round "6"]
[White "Nguyen, Tan Thinh"]
[Black "Le, Thieu Vy"]
[Result "1-0"]
[WhiteElo "1935"]
[BlackElo "1983"]
[PlyCount "67"]
[EventDate "2013.07.13"]
[EventType "swiss"]
[EventRounds "9"]
[EventCountry "VIE"]
[SourceTitle "EXT 2014"]
[Source "ChessBase"]
[SourceDate "2013.11.20"]
[SourceVersion "1"]
[SourceVersionDate "2013.11.20"]
[SourceQuality "1"]

1. d4 Nf6 2. Nf3 e6 3. c4 Bb4+ 4. Bd2 Qe7 5. Nc3 0-0 6. Qc2 c5 7. e3 d5 8. cxd5 cxd4 9. Nxd4 Bxc3 10. Bxc3 Nxd5 11. Be2 Bd7 12. Bf3 Nc6 13. 0-0 Rac8 14. Bxd5 Nxd4 15. Qd2 exd5 16. Qxd4 Qg5 17. f4 Qg6 18. Rf3 Rc4 19. Qd2 Qf5 20. Rg3 f6 21. Re1 Rfc8 22. a3 b5 23. h3 a5 24. Bxa5 Rc2 25. Qb4 R8c4 26. Qe7 g6 27. Bb4 Rc8 28. Bc3 Rf8 29. Rg5 Rf7 30. Qd8+ Rf8 31. Rxf5 Rxd8 32. Rxd5 Kf7 33. Red1 Ke7 34. Ba5 1-0